Conveyancers asked to order early reports (Record no. 73560)
[ view plain ]
| 000 -LEADER | |
|---|---|
| fixed length control field | 01340cam a2200229 4500 |
| 001 - CONTROL NUMBER | |
| control field | ABS67192 |
| 008 - FIXED-LENGTH DATA ELEMENTS--GENERAL INFORMATION | |
| fixed length control field | 031006n2003 000 0 eng u |
| 035 ## - SYSTEM CONTROL NUMBER | |
| System control number | (Sirsi) u123855 |
| 100 ## - MAIN ENTRY--PERSONAL NAME | |
| Personal name | Dearden, J. |
| 245 ## - TITLE STATEMENT | |
| Title | Conveyancers asked to order early reports |
| Medium | [electronic resource] |
| 260 ## - PUBLICATION, DISTRIBUTION, ETC. | |
| Date of publication, distribution, etc. | 2003 |
| 490 ## - SERIES STATEMENT | |
| Series statement | Journal of the Law Society of Scotland |
| Volume/sequential designation | 48(9) September 2003, 56-58(3) |
| 520 ## - SUMMARY, ETC. | |
| Summary, etc. | The Coal Authority's Mining Report Service launched an enhanced mining report service on 30 September 2003 which includes updated user guidance, insurance cover with residential property mining reports and certificates, an interpretive report service, a revised fee structure and new Mining Reports and Surface Damage System (MRSD52). The Coal Authority in conjunction with the Law Society of Scotland has reivsed the Scotform (2003) Coal mining Search Form. Although the article is written from the Scottish viewpoint, the Mining Report Service is also applicable for England and Wales. Further information is available on www.coal.gov.uk. |
| 590 ## - LOCAL NOTE (RLIN) | |
| Local note | ABS |
| 650 ## - SUBJECT ADDED ENTRY--TOPICAL TERM | |
| Topical term or geographic name entry element | COAL MINING |
| 650 ## - SUBJECT ADDED ENTRY--TOPICAL TERM | |
| Topical term or geographic name entry element | COAL AUTHORITY |
| 650 ## - SUBJECT ADDED ENTRY--TOPICAL TERM | |
| Topical term or geographic name entry element | PROPERTY SEARCHES |
| 650 ## - SUBJECT ADDED ENTRY--TOPICAL TERM | |
| Topical term or geographic name entry element | CONVEYANCING |
| 690 ## - LOCAL SUBJECT ADDED ENTRY--TOPICAL TERM (OCLC, RLIN) | |
| Topical term or geographic name as entry element | PROPERTY |
| 856 ## - ELECTRONIC LOCATION AND ACCESS | |
| Uniform Resource Identifier | <a href="https://www.journalonline.co.uk/Magazine/48-9/1000599.aspx">https://www.journalonline.co.uk/Magazine/48-9/1000599.aspx</a> |
| Public note | Read the article at www.journalonline.co.uk |
| 942 ## - ADDED ENTRY ELEMENTS (KOHA) | |
| Suppress in OPAC | 0 |
| Withdrawn status | Lost status | Source of classification or shelving scheme | Damaged status | Not for loan | Home library | Current library | Shelving location | Date acquired | Total Checkouts | Full call number | Barcode | Date last seen | Copy number | Price effective from | Koha item type |
|---|---|---|---|---|---|---|---|---|---|---|---|---|---|---|---|
| Dewey Decimal Classification | London | London | Journal article | 06/10/2003 | ABS67192 | 123855-1001 | 06/08/2019 | 1 | 06/08/2019 | Journal article |